000 00796nam a2200229 a 4500
001 BRCA_8417
005 20190321142922.0
008 210715s2011----uk-a######---#000-0#spa-#
041 _aspa
044 _aUk
050 4 _b.C66 2011
100 1 _aContreras Vargas, Jannen
_915283
245 1 0 _aEfectos de la limpieza de plata con soluciones ácidas de tiourea.
260 _aReino Unido
_bUniversidad de Lincoln
_c2011
300 _a82 p.
_bil.
_c28 cm.
502 _aTesis Maestría (Maestra en Ciencias en Conservación Forense (Ciencia del Patrimonio)) Universidad de Lincoln, Reino Unido
700 1 _aColston, Belinda
_cProf.
_921082
700 1 _aRodríguez Gómez, Francisco Javier
_cDr.
_921083
700 1 _aRuvalcaba Sil, José Luis
_cDr.
_921084
902 _aTES
942 _2lcc
_cTES
999 _c8085
_d8085